• 首页
  • 本馆介绍
  • 公告通知
  • 最新文献
  • 馆藏检索
  • 电子资源
  • 读者导购
  • 参考咨询
  • 我的图书馆
  • 登录
  • 详细信息显示
  • 放入我的书架
  • 预约/预借图书
  • 作者相关作品
  • 分类相关作品
  • 丛书相关作品
  • 出版社相关作品

书目信息

  • 表格格式
  • 工作单格式
  • 卡片格式
题名:
五官科学及护理
    
 
作者: 周文涛 主编 ;廖树森 , 高桂荣 , 郭凤岐 , 吴博亚 编写
分册:  
出版信息: 西安   陕西科学技术出版社  1987
页数: 214页
开本: 26cm
丛书名:
单 册:
中图分类: R473.76
科图分类:
主题词: 耳鼻咽喉科学--护理学--教材
电子资源:
ISBN: 978-7-5369-0109-4
000 00868nam0 2200289 450
001 012002067253
005 20110514200756.0
010    @a978-7-5369-0109-4@dCNY3.00
100    @a20021118d1987 em y0chiy0121 ea
101 0  @achi
102    @aCN@b610000
105    @ay z 000yy
106    @ar
200 10 @a五官科学及护理@9Wu Guan Ke Xue Ji Hu Li @f周文涛主编@g廖树森等编写
210    @a西安@c陕西科学技术出版社@d1987@h1993重印
215    @a214页@d26cm
300    @a全国中等卫生学校教材
300    @a供护士专业用
606 0  @a耳鼻咽喉科学@x护理学@j教材
690    @aR473.76@v4
701  0 @a周文涛@9zhou wen tao@4主编
702  0 @a廖树森@9liao shu sen@4编写
702  0 @a高桂荣@9gao gui rong@4编写
702  0 @a郭凤岐@9guo feng qi@4编写
702  0 @a吴博亚@9wu bo ya@4编写
801  0 @aCN@bAzMarc@c20130904
905    @aBZT@dR473.76@e3@f2@sR473.76/3
    
    五官科学及护理/周文涛主编/廖树森等编写.-西安:陕西科学技术出版社,1987(1993重印)
    214页;26cm
    全国中等卫生学校教材.-供护士专业用
    
    ISBN 978-7-5369-0109-4:CNY3.00
    
●
相关链接 在五车中查询图书 在当当中查询图书 在豆瓣中查询图书


正题名:五官科学及护理     索取号:R473.76/3         预约/预借

序号 登录号 条形码 馆藏地/架位号 状态 备注
1 2000089802   2000089802   旧书回溯/ [索取号:R473.76/3] 在馆    
2 2000089803   2000089803   旧书回溯/ [索取号:R473.76/3] 在馆    
山东省滨州职业学院图书馆 欢迎您!
大连网信软件有限公司© 版权所有